[Event "AUT-ch"]
[Site "Werfen"]
[Date "1998.08.09"]
[Round "2"]
[White "Neuschmied, Siegfried"]
[Black "Zoister, Stefan"]
[Result "0-1"]
[WhiteElo "2200"]
[BlackElo "2105"]
[PlyCount "82"]
[EventDate "1998.08.08"]
[EventType "swiss"]
[EventRounds "9"]
[EventCountry "AUT"]
[SourceTitle "EXT 2001"]
[Source "ChessBase"]
[SourceDate "2000.11.22"]
[SourceVersion "1"]
[SourceVersionDate "2000.11.22"]
[SourceQuality "1"]

1. e4 c6 2. d4 d5 3. Nc3 dxe4 4. Nxe4 Nd7 5. Ng5 Ngf6 6. Bd3 e6 7. N1f3 Bd6 8. Qe2 h6 9. Ne4 Nxe4 10. Qxe4 Nf6 11. Qe2 b6 12. Bd2 Bb7 13. 0-0-0 Qc7 14. Ne5 0-0 15. g4 c5 16. Rhg1 cxd4 17. f4 Bxe5 18. g5 Nd7 19. gxh6 g6 20. Qh5 Nf6 21. Qh4 Be4 22. Kb1 Bxd3 23. cxd3 Rac8 24. Rc1 Qd6 25. Rce1 Nd5 26. fxe5 Qc7 27. h7+ Kh8 28. Bg5 Qc2+ 29. Ka1 Qxd3 30. Rgf1 f5 31. Rd1 Qe4 32. Rxd4 Qxh4 33. Rxh4 Rf7 34. Rh6 Kg7 35. Kb1 f4 36. Rf3 Rh8 37. Rfh3 Rf5 38. Bh4 Kxh6 39. Bf6+ Rh5 40. Rxh5+ gxh5 41. Bxh8 Kxh7 0-1